00314nam a2200121Ia 4500008004100000041000800041082001700049100001700066245003500083260003500118300003200153365000700185240624s9999 xx 000 0 und d aeng a658.4022 SEN aSENN LARRY E aESSENCE OF THE WINNING CULTURE c2000aNew DelhibPrentice-Hall aviii, : 192 : p. : cm. ; 24 cRS